000 00847cab a2200241 4500
001 WB3426-02
008 090401t1998 xxu||||| |||| 00| 0 eng d
035 _a(Sirsi) u87246
041 _aeng
245 _aEgan sets tough targets
260 _c1998
350 _a0
490 _aBuilding
_v263(27) 3 July 1998, 7(1)
520 _aConstruction taskforce is to set the following six targets for the industry: 20% improvement in predictability; 20% cut in defects; 20% reduction in accidents; 10% improvements in time taken for projects; 10% reduction in costs and 10% improvement in industry productivity.
650 _aCONSTRUCTION INDUSTRY
650 _aCONSTRUCTION PROCESS
650 _aCONSTRUCTION TASKFORCE
650 _aPERFORMANCE
650 _aTARGETS
690 _aBUILT ENVIRONMENT
942 _n0
948 _c07/07/1998
999 _c55016
_d55016